Statistiques concernant Géants,Titans et descendants dans la mythologie Gréco-romain

Cliquez ici pour prendre le quiz!

Statistiques générales

  • Ce quiz a été pris 228 fois
    (200 depuis la dernière actualisation)
  • Le résultat moyen est 26 sur 62

Statistiques - réponses

HintRéponse% Correct
Roi des dieuxZeus
95%
Mère des Titans et Géants,déesse de la TerreGaia
94%
Roi des TitansCronos
92%
Dieu des EnfersHades
92%
Dieu des MersPoséidon
92%
Déesse des mariagesHéra
91%
Déesse de la beauté et de l'amourAphrodite
90%
Déesse de la chasse et plus tard de la LuneArtémis
90%
Dieu de la lumière et de la musique, possède une lyreApollon
87%
Père des Titans,dieu du cielOuranos
87%
Déesse des moissonsDéméter
84%
Fils du Titan Japet, condamné à porter la voute célesteAtlas
83%
Déesse du foyerHestia
80%
Dieu de Soleil,fils d'un TitanHélios
69%
Reine des TitansRhéa
69%
Déesse de la Lune, sœur du dieu du soleilSélèné
69%
Mère d'Apollon et ArtémisLéto
65%
Déesse de la magieHécate
62%
Le plus rusé des Titans,aide les hommesProméthée
62%
Titan de l'ouestJapet
56%
Fille d'Atlas ayant accueilli chez elle UlysseCalypso
54%
Déesses du Destin des HommesMoires
49%
Titanide de la mémoire,mère des MusesMnémosyné
47%
Titan de l'estHypérion
45%
Titan délimitant la limite du monde connuOcéan
44%
Titanide de la justice,2nde épouse de ZeusThémis
44%
Déesses des artsMuses
43%
Fils de Japet, époux de PandoreÉpimethée
42%
Nymphes protégeant un jardin magiqueHéspérides
38%
Titan ennemi de AthénaPallas
38%
Ennemi de Athéna.Depuis sa défaite contre la déesse, celle ci porte son nom Pallas AthénaPallas
38%
Fils de Gaia,homme fauve enterré sous l'EtnaTyphon
34%
Titan du NordCrios
33%
Titanide, sœur-épouse du 5e TitanTéthys
31%
Titan du SudCoeos
30%
Déesse de L'Aurore,sœur du Soleil et de la LuneÉos
30%
Conçu pour être l' Ennemi juré de AthénaEncelade
26%
Titanide de la lumièreThéia
26%
Titanide comparée à ArtémisPhoebé
25%
Conçu pour être l'ennemi juré de Apollon et ArtémisOrion
22%
Père des GéantsTartare
22%
Fils de MéduseChrysaor
18%
Nymphes devenues des constellations.Maïa en fait partiePléiades
18%
Conçu pour combattre Dionysos,1 des AloadesÉphialtès
17%
Conçu pour combattre Dionysos,jumeau du précédentOtos
17%
Conçu pour être l'Ennemi juré de PoséidonPolybotès
16%
Doris,la mère des Néréides,en est uneOcéanides
15%
Conçu pour être l'Ennemi juré de HadesAlcyonée
13%
Conçu pour combattre Arès mais était trop pacifiqueDamasèn
13%
Filles de Zeus et de sa 2nde épouseHeures
13%
Robot créé pour protéger la Crète, fils d'Héra selon certainsTalos
13%
Titanide de la pluie,mère de la déesse de l'amour d'après HomèreDioné
12%
Titan foudroyé par Zeus,fils de TitanMénoetios
12%
Conçu pour être l'Ennemi juré de HéphaistosMimas
11%
Fils de Gaia et de PoséidonAntée
10%
Conçu pour combattre HécateClytios
10%
Conçu pour être l'ennemi juré d'HermèsHippolyte
10%
Conçu pour combattre les MoiresThoon
7%
Roi de Colchide,fils du SoleilÆtes
6%
Conçue pour être l'ennemi juré de AphroditePériboée
5%
Roi des Géants, conçu pour être l' ennemi juré de ZeusPoryphirion
3%
Frères des nymphes Du Jardin MagiqueHésperos
2%

Distribution des résultats

Percentile par nombre de réponses

% des personnes avec chaque résultat

Votre développement - résultats

Vous n’avez pas pris ce quiz depuis la dernière actualisation